00573nam a2200133Ia 4500008004100000100002700041245014400068260002600212300001800238650001200256856007900268999001900347952007300366160712s9999 xx 000 0 und d aDavid, Carlos Primo C. cCarlos Primo C. David,aA Manifestation of Climate Change? A Look at Typhoon Yolanda in Relation to the Historical Tropical Cyclone Archive c2013bScience Diliman avol. 25 no. 2 xSCIENCE uhttp://journals.upd.edu.ph/index.php/sciencediliman/issue/view/409/showToc c297345d297345 001040aCLbCLd2016-07-12l0r2016-07-12 00:00:00w2016-07-12yFEJ